Central Library OPAC University of Rajshahi

India's foreign policy : (Record no. 73980)

MARC details
000 -LEADER
fixed length control field 00879nam a2200277 a 4500
001 - CONTROL NUMBER
control field 73980
003 - CONTROL NUMBER IDENTIFIER
rucl marc code BD-RjUL
005 - DATE AND TIME OF LATEST TRANSACTION
control field 20211209082453.0
008 - FIXED-LENGTH DATA ELEMENTS--GENERAL INFORMATION
fixed length control field 041217s2013 ii b 001 0 eng d
020 ## - INTERNATIONAL STANDARD BOOK NUMBER
International Standard Book Number 9788131730577
International Standard Book Number 8131730573
035 ## - SYSTEM CONTROL NUMBER
System control number (BD-RjUL)74198
040 ## - CATALOGING SOURCE
Original cataloging agency DKAGE
Language of cataloging eng
Transcribing agency DKAGE
Modifying agency OCLCO
-- DLC
-- BD-RjUL
041 ## - LANGUAGE CODE
Language code of text/sound track or separate title eng
082 04 - DEWEY DECIMAL CLASSIFICATION NUMBER
Classification number 327.54
Edition number 23
Author mark and year DUI 2013
100 1# - MAIN ENTRY--PERSONAL NAME
Personal name Dubey, Muchkund.
9 (RLIN) 219613
245 10 - TITLE STATEMENT
Title India's foreign policy :
Remainder of title coping with the changing world /
Statement of responsibility, etc. Muchkund Dubey.
260 ## - PUBLICATION, DISTRIBUTION, ETC. (IMPRINT)
Place of publication, distribution, etc. Delhi :
Name of publisher, distributor, etc. Pearson,
Date of publication, distribution, etc. c2013.
300 ## - PHYSICAL DESCRIPTION
Pagination xiv, 306 p. ;
Size 25 cm.
490 0# - SERIES STATEMENT
Series statement India and the world
500 ## - GENERAL NOTE
General note Imprint on t.p. verso: Noida : Dorling Kindersley (India).
504 ## - BIBLIOGRAPHY, ETC. NOTE
Bibliography, etc Includes bibliographical references and index.
651 #0 - SUBJECT ADDED ENTRY--GEOGRAPHIC NAME
Geographic name India
General subdivision Foreign relations
Chronological subdivision 1984-
9 (RLIN) 219614
942 ## - ADDED ENTRY ELEMENTS (KOHA)
Source of classification or shelving scheme Dewey Decimal Classification
Koha item type Books
Holdings
Lost status Source of classification or shelving scheme Damaged status Not for loan Collection code Permanent Location Current Location Shelving location Date acquired Source of acquisition Cost, normal purchase price Total Checkouts Full call number Date last seen Copy number Koha item type
  Dewey Decimal Classification   Not For Loan Non-fiction Central Library, University of Rajshahi Central Library, University of Rajshahi Reading Room 17/04/2017 R.U.V.C office 699.00   327.54 DUI 2013 05/12/2017 C1 Books